| 000 | 00970nam a22002537a 4500 | ||
|---|---|---|---|
| 008 | 130821s2000 xxua gr eng | ||
| 020 | _a0205318908 | ||
| 040 |
_aCo-BoUCM _bspa |
||
| 041 | 0 | 0 | _aeng |
| 060 |
_aWL 340.2 _25 |
||
| 100 | 1 |
_aHall, Barbara J. _9171122 |
|
| 245 | 1 | 0 |
_aSpeech, language, and hearing disorders a guide for the teacher _cBarbara J. Hall, Herbert J. Over, William H. Haas |
| 250 | _a3a. Ed. | ||
| 260 |
_aBoston (Massachusetts, Estados Unidos) _bAllyn and Bacon _c2000 |
||
| 300 |
_axiv, 202 páginas _bilustraciones |
||
| 504 | _aIncluye refeerncias bibliográficas e índice. | ||
| 650 | 0 | 4 |
_aNeurología _920299 |
| 650 | 0 | 4 |
_aTrastornos de la audición en niños _925751 |
| 650 | 0 | 4 |
_aTrastornos del habla en niños _925778 |
| 650 | 0 | 4 |
_aTrastornos del habla en niños _zEstados Unidos _925778 |
| 700 | 1 |
_aHaas, William H. _d1931- _9171123 |
|
| 700 | 1 |
_aOyer, Herbert J. _9171124 |
|
| 942 |
_cLIBRO _a15 _e3 _mH174 _2NLM _hWL 340.2 _n0 |
||
| 999 |
_c88605 _d88605 |
||